[Event "CZE-chT2 9697"]
[Site "Czech Republic"]
[Date "1997.??.??"]
[Round "?"]
[White "Groh, Jiri"]
[Black "Efler, David"]
[Result "1/2-1/2"]
[WhiteElo "2125"]
[BlackElo "2250"]
[PlyCount "56"]
[EventDate "1996.??.??"]
[Source "www.chesslib.no"]
[SourceDate "2004.05.04"]

1. c4 e5 2. Nf3 Nc6 3. d3 d6 4. g3 Bg4 5. Bg2 Be7 6. Nc3 Nf6 7. Rb1 Qc8 8. h3 Bd7 9. b4 Nd8 10. d4 exd4 11. Nxd4 O-O 12. Nd5 Nxd5 13. cxd5 c6 14. Qc2 cxd5 15. Qxc8 Rxc8 16. Bxd5 Bf6 17. Bb2 Re8 18. e3 Bxd4 19. Bxd4 Bf5 20. Rd1 Nc6 21. b5 Nb4 22. Bb3 Bc2 23. Bxc2 Nxc2+ 24. Kf1 Na3 25. Bxa7 Nxb5 26. Bd4 Ra8 27. Rd2 Ra4 28. Kg2 Nxd4 1/2-1/2

[Event "Sakktoto op 19th"]
[Site "?"]
[Date "2002.03.17"]
[Round "7"]
[White "Kladiva Imre"]
[Black "Eberth Zoltan"]
[Result "0-1"]
[WhiteElo "2067"]
[BlackElo "2258"]
[PlyCount "35"]
[EventDate "2002.??.??"]
[Source "www.chesslib.no"]
[SourceDate "2004.05.04"]

1. c4 e5 2. Nf3 Nc6 3. e3 d5 4. cxd5 Qxd5 5. Nc3 Qe6 6. b3 Bd6 7. Bc4 Qe7 8. Nd5 Qd8 9. Bb2 Nf6 10. h3 O-O 11. d4 Nxd5 12. Bxd5 Bb4+ 13. Kf1 Qxd5 14. a3 e4 15. Rg1 Qb5+ 16. Qe2 Qxe2+ 17. Kxe2 exf3+ 18. gxf3 0-1

[Event "FRA-chT2O 9899"]
[Site "?"]
[Date "1998.11.14"]
[Round "2"]
[White "Alet Jean Pierre"]
[Black "Bazart David"]
[Result "1-0"]
[WhiteElo "2217"]
[BlackElo "2067"]
[PlyCount "109"]
[EventDate "1998.??.??"]
[Source "www.chesslib.no"]
[SourceDate "2004.05.04"]

1. c4 e5 2. Nf3 e4 3. Nd4 d6 4. Nc3 Nf6 5. g3 Nc6 6. Nxc6 bxc6 7. Bg2 d5 8. O-O Be7 9. d3 exd3 10. Qxd3 Ba6 11. Qc2 O-O 12. Qa4 Bxc4 13. b3 Bb5 14. Nxb5 cxb5 15. Qxb5 Qe8 16. Qxe8 Rfxe8 17. Bf4 Rac8 18. Bh3 Ne4 19. Bxc8 Rxc8 20. Rac1 c6 21. f3 Nf6 22. Rfd1 c5 23. e4 dxe4 24. Kg2 exf3+ 25. Kxf3 Bd8 26. Rxc5 Ra8 27. b4 h6 28. b5 Bb6 29. Rc3 Re8 30. Be3 Ne4 31. Ra3 Ng5+ 32. Bxg5 hxg5 33. g4 Re5 34. Rb3 Re6 35. Rc3 Rf6+ 36. Kg3 Rf4 37. Rd5 f6 38. Rc2 Rf1 39. Re2 Rg1+ 40. Kf3 Rf1+ 41. Kg3 Bc7+ 42. Kg2 Rf4 43. h3 Be5 44. Red2 Ra4 45. Kf2 Ra3 46. R5d3 Ra4 47. Rd8+ Kh7 48. Ra8 Rb4 49. Rxa7 Rxb5 50. a4 Rb4 51. Ra8 Kg6 52. a5 Ra4 53. Ra6 Bd4+ 54. Ke2 Kf7 55. Kd3 1-0

[Event "France"]
[Site "?"]
[Date "2003.12.07"]
[Round "4.5"]
[White "Guth Noel"]
[Black "Hell Pascal"]
[Result "1/2-1/2"]
[WhiteElo "2103"]
[BlackElo "2144"]
[PlyCount "30"]
[EventDate "2003.??.??"]
[Source "www.chesslib.no"]
[SourceDate "2004.05.04"]

1. c4 e5 2. Nf3 Nc6 3. d3 Bc5 4. g3 Nf6 5. Bg2 O-O 6. O-O d6 7. a3 a6 8. b4 Ba7 9. Bb2 Bg4 10. Nbd2 Qe7 11. Qc2 Rad8 12. Rac1 h6 13. h3 Bh5 14. g4 Bg6 15. Nh4 Bh7 1/2-1/2

[Event "Bethune"]
[Site "?"]
[Date "2004.12.27"]
[Round "3.19"]
[White "Morelle Ludovic"]
[Black "Lebon Joffrey"]
[Result "1-0"]
[WhiteElo "2173"]
[BlackElo "2026"]
[PlyCount "51"]
[EventDate "2004.??.??"]
[Source "www.chesslib.no"]
[SourceDate "2004.05.04"]

1. c4 e5 2. Nf3 Nc6 3. d4 exd4 4. Nxd4 Nxd4 5. Qxd4 Nf6 6. g3 d5 7. Bg2 dxc4 8. Qxc4 Bd6 9. Bxb7 Rb8 10. Bg2 O-O 11. O-O Re8 12. Nd2 Rb6 13. Re1 Ba6 14. Qc2 Rxe2 15. Rxe2 Bxe2 16. Ne4 Bh5 17. Be3 Ra6 18. Qc4 Ra5 19. b4 Ra4 20. Nxd6 cxd6 21. Bd4 h6 22. a3 d5 23. Qc6 Qd7 24. Qxd7 Nxd7 25. Bxd5 Ra6 26. Bb7 1-0

[Event "Halle (Saale)(24.10.-05.11)"]
[Site "?"]
[Date "2004.11.04"]
[Round "10"]
[White "Hottes Dieter"]
[Black "Kuznetsov Fiodor"]
[Result "1/2-1/2"]
[WhiteElo "2157"]
[BlackElo "2016"]
[PlyCount "96"]
[EventDate "2004.??.??"]
[Source "www.chesslib.no"]
[SourceDate "2004.05.04"]

1. c4 e5 2. Nf3 Nc6 3. d4 exd4 4. Nxd4 Bb4+ 5. Bd2 Bxd2+ 6. Qxd2 Nxd4 7. Qxd4 Qf6 8. Qd2 Ne7 9. Nc3 a6 10. g3 Qc6 11. e4 d6 12. Rc1 O-O 13. Bg2 Be6 14. Nd5 Qd7 15. O-O Rad8 16. Rfd1 c6 17. Nf4 Ng6 18. b3 Qe7 19. Qe3 Qf6 20. Ne2 Bg4 21. Rd2 Qe7 22. Nd4 Bc8 23. Rcd1 Bg4 24. Bf3 Bc8 25. Bg2 Bg4 26. Re1 Bc8 27. h3 f5 28. exf5 Qxe3 29. Rxe3 Bxf5 30. Nxf5 Rxf5 31. f4 Rf6 32. h4 Kf7 33. Be4 Re8 34. Rde2 Kf8 35. Kg2 h6 36. Bf3 Rxe3 37. Rxe3 Ne7 38. a4 d5 39. cxd5 cxd5 40. Rd3 Rb6 41. g4 Rb4 42. Kg3 Kf7 43. h5 Ke6 44. Bd1 Re4 45. Kf3 Kd6 46. Bc2 Re1 47. Bd1 Nc6 48. Kf2 Re4 1/2-1/2

[Event "It (open)"]
[Site "Dortmund (Germany)"]
[Date "2007.06.23"]
[Round "2"]
[White "Klatt Peter (GER)"]
[Black "Thier Juergen"]
[Result "1-0"]
[WhiteElo "2040"]
[BlackElo "2043"]
[PlyCount "54"]
[EventDate "2007.??.??"]
[Source "www.chesslib.no"]
[SourceDate "2004.05.04"]

1. c4 e5 2. Nf3 e4 3. Nd4 d6 4. Nc3 f5 5. d3 exd3 6. Qxd3 g6 7. e4 c5 8. Ndb5 Na6 9. Bf4 Nf6 10. O-O-O fxe4 11. Nxe4 d5 12. Nbd6+ Bxd6 13. Nxd6+ Kf8 14. cxd5 Nb4 15. Qc4 b6 16. Bh6+ Ke7 17. Nxc8+ Rxc8 18. d6+ Kd7 19. g3 Qg8 20. Bh3+ Kd8 21. Be6 Qe8 22. d7 Nxd7 23. Rxd7+ Qxd7 24. Bxd7 Kxd7 25. Rd1+ Kc6 26. a3 Kb7 27. Rd7+ Ka8 1-0

[Event "France (championnat N2)"]
[Site "?"]
[Date "2004.01.18"]
[Round "6"]
[White "De Barros Frederic"]
[Black "Lefebvre Jeremie"]
[Result "1-0"]
[WhiteElo "2145"]
[BlackElo "1810"]
[PlyCount "55"]
[EventDate "2004.??.??"]
[Source "www.chesslib.no"]
[SourceDate "2004.05.04"]

1. c4 e5 2. Nf3 Nc6 3. d4 exd4 4. Nxd4 Qf6 5. e3 a6 6. Nc3 Bb4 7. Be2 Nge7 8. O-O Bxc3 9. bxc3 O-O 10. e4 d6 11. f4 Nd8 12. g4 Ng6 13. g5 Qe7 14. f5 Ne5 15. f6 gxf6 16. gxf6 Qe8 17. Bh6 Bh3 18. Rf2 Ndc6 19. Nf5 Ng6 20. Bg7 h5 21. Bf1 Bg4 22. Nh6+ Kh7 23. Nxg4 hxg4 24. Qxg4 Qe5 25. Rf5 Qxc3 26. Rh5+ Kg8 27. Rh8+ Nxh8 28. Bxh8+ 1-0

[Event "Essen (08.03.-24.03)"]
[Site "?"]
[Date "2004.03.09"]
[Round "2.11"]
[White "Mazurkiewicz Kazimierz"]
[Black "Heldt Heinrich"]
[Result "1-0"]
[WhiteElo "1989"]
[BlackElo "1860"]
[PlyCount "101"]
[EventDate "2004.??.??"]
[Source "www.chesslib.no"]
[SourceDate "2004.05.04"]

1. c4 e5 2. Nf3 e4 3. Nd4 d6 4. Nc3 f5 5. d3 exd3 6. exd3 Nf6 7. Be2 Be7 8. O-O O-O 9. Bf3 c6 10. Re1 Re8 11. b4 Na6 12. Qb3 Nc7 13. h3 h6 14. Bb2 Kh7 15. Re2 Bf8 16. Rae1 Rxe2 17. Rxe2 c5 18. Nc2 Nd7 19. Nd5 Nxd5 20. Bxd5 Nf6 21. Bf3 Rb8 22. a4 b6 23. b5 Bb7 24. Bxb7 Rxb7 25. Ne3 g6 26. Qd1 Bg7 27. g3 Rf7 28. Re1 f4 29. Bxf6 Qxf6 30. Nd5 Qf5 31. g4 Qg5 32. Qf3 Be5 33. Kf1 Kg7 34. Ke2 Qd8 35. Kd1 Qd7 36. Kc2 Qb7 37. Kb3 a6 38. Re2 a5 39. Qe4 Qb8 40. Re1 Qd8 41. Qh1 Qh4 42. Qf3 Bd4 43. Nxb6 Qxf2 44. Qxf2 Bxf2 45. Rf1 Bd4 46. Rf3 g5 47. Nd5 Kf8 48. Kc2 Ke8 49. Kd1 Kd8 50. Ke2 Rf8 51. Rf1 1-0

[Event "Vichy"]
[Site "?"]
[Date "2000.08.17"]
[Round "1.4"]
[White "Lambert Georges"]
[Black "Labarthe Arnaud"]
[Result "0-1"]
[WhiteElo "1690"]
[BlackElo "2107"]
[PlyCount "44"]
[EventDate "2000.??.??"]
[Source "www.chesslib.no"]
[SourceDate "2004.05.04"]

1. c4 e5 2. Nf3 Nc6 3. d4 e4 4. Ng5 Bb4+ 5. Nc3 d5 6. c5 h6 7. Nh3 Bg4 8. g3 Qd7 9. Ng1 O-O-O 10. h3 Bh5 11. g4 Bg6 12. Bf4 f5 13. e3 Bf7 14. Be2 g5 15. Bh2 Nge7 16. Qd2 Be6 17. f3 exf3 18. Bxf3 fxg4 19. hxg4 Bxg4 20. O-O-O Bf5 21. Nge2 Na5 22. b3 Ba3+ 0-1

[Event "Corr"]
[Site "?"]
[Date "2001.01.06"]
[Round "?"]
[White "Koolsbergen Nico"]
[Black "Coyne David"]
[Result "0-1"]
[WhiteElo "1975"]
[BlackElo "1719"]
[PlyCount "68"]
[EventDate "2001.??.??"]
[Source "www.chesslib.no"]
[SourceDate "2004.05.04"]

1. c4 e5 2. Nf3 e4 3. Nd4 Nc6 4. Nxc6 dxc6 5. Nc3 Nf6 6. d4 exd3 7. e4 Bc5 8. Qxd3 Be6 9. Bf4 Ng4 10. Qxd8+ Rxd8 11. Bg3 f6 12. Rd1 Rxd1+ 13. Nxd1 Ne5 14. b3 Bb4+ 15. Ke2 Ke7 16. f4 Bg4+ 17. Kf2 Bc5+ 18. Ne3 Rd8 19. h3 Bh5 20. fxe5 Rd2+ 21. Kg1 Bxe3+ 22. Kh2 Rxa2 23. exf6+ gxf6 24. b4 Bd2 25. b5 Bc3 26. Bxc7 Bf3 27. Kg3 Bxe4 28. h4 cxb5 29. cxb5 Be1+ 30. Kf4 Bd5 31. Ke3 Bf2+ 32. Kd3 Ra3+ 33. Kc2 Ra1 34. Bf4 Be4+ 0-1

[Event "02sen.Kurpfalz op"]
[Site "?"]
[Date "1996.??.??"]
[Round "?"]
[White "Voelpel Friedrich"]
[Black "Rebholz Robert"]
[Result "0-1"]
[WhiteElo "1666"]
[BlackElo "1880"]
[PlyCount "64"]
[EventDate "1996.??.??"]
[Source "www.chesslib.no"]
[SourceDate "2004.05.04"]

1. c4 e5 2. Nf3 f5 3. Qc2 d6 4. d3 Nf6 5. e3 Be7 6. b3 O-O 7. Nc3 Na6 8. a3 c6 9. Bb2 Nc5 10. b4 Ne6 11. Be2 f4 12. e4 Bd7 13. Qb3 c5 14. b5 Nd4 15. Qd1 Kh8 16. a4 Qa5 17. O-O Rg8 18. Nxd4 exd4 19. Nb1 Raf8 20. Kh1 Qd8 21. Bc1 g5 22. f3 Qe8 23. Rg1 Nh5 24. h3 Ng3+ 25. Kh2 Qh5 26. Nd2 Bf6 27. Re1 Be5 28. Nf1 Nxe2 29. Qxe2 g4 30. Nd2 gxh3 31. g4 fxg3+ 32. Kh1 g2+ 0-1

[Event "Seefeld op"]
[Site "Seefeld"]
[Date "1996.??.??"]
[Round "?"]
[White "Kircher, Werner"]
[Black "Michel, Jan"]
[Result "1/2-1/2"]
[WhiteElo "1810"]
[BlackElo "1605"]
[PlyCount "70"]
[EventDate "1996.??.??"]
[Source "www.chesslib.no"]
[SourceDate "2004.05.04"]

1. c4 e5 2. Nf3 e4 3. Nd4 c5 4. Nc2 Nc6 5. Nc3 Nf6 6. g3 Bd6 7. Bg2 Qe7 8. O-O O-O 9. Ne3 g6 10. Ned5 Nxd5 11. Nxd5 Qd8 12. Bxe4 Nb4 13. Nc3 Be7 14. d3 d6 15. Bh6 Re8 16. Qd2 Qd7 17. a3 Nc6 18. Nd5 Bd8 19. Rae1 Ne5 20. Bg2 Nc6 21. e3 Qf5 22. Qc3 Ne5 23. f4 Qh5 24. fxe5 Qxh6 25. exd6 Re6 26. d4 Rxd6 27. dxc5 Re6 28. Rf2 f5 29. Nf4 Re8 30. Bd5+ Kf8 31. Qh8+ Ke7 32. Qe5+ Kf8 33. Qh8+ Ke7 34. Qe5+ Kf8 35. Qh8+ Ke7 1/2-1/2

[Event "Cannes"]
[Site "?"]
[Date "1998.11.29"]
[Round "3"]
[White "Parant Pascal"]
[Black "Sebag Marie"]
[Result "0-1"]
[WhiteElo "1340"]
[BlackElo "2070"]
[PlyCount "56"]
[EventDate "1998.??.??"]
[Source "www.chesslib.no"]
[SourceDate "2004.05.04"]

1. c4 e5 2. Nf3 d6 3. e3 Nc6 4. d4 Nf6 5. dxe5 dxe5 6. Qxd8+ Kxd8 7. a3 a5 8. Nc3 Bc5 9. Be2 Bf5 10. O-O e4 11. Nd2 Ke7 12. Nb3 Bd6 13. Bd2 Be5 14. f4 exf3 15. Bxf3 Bd3 16. Rf2 Bxc4 17. Nc5 Rab8 18. Rb1 Bd6 19. Nxb7 Rxb7 20. Bxc6 Rb6 21. Be4 Nxe4 22. Nxe4 Bd3 23. Nxd6 Bxb1 24. Nc4 Rb5 25. Bxa5 Ba2 26. Bb4+ c5 27. Bc3 f6 28. Rf4 Ke6 0-1

[Event "Corr"]
[Site "?"]
[Date "2000.01.29"]
[Round "?"]
[White "Noorda Frank"]
[Black "Bass Stanley"]
[Result "0-1"]
[WhiteElo "1616"]
[BlackElo "1786"]
[PlyCount "24"]
[EventDate "2000.??.??"]
[Source "www.chesslib.no"]
[SourceDate "2004.05.04"]

1. c4 e5 2. Nf3 e4 3. Nd4 Nf6 4. d3 Nc6 5. e3 Ne5 6. Nc3 Bb4 7. Qc2 Bxc3+ 8. Qxc3 O-O 9. b3 d5 10. Bb2 Re8 11. h3 c5 12. Nb5 exd3 0-1

[Event "Corr"]
[Site "?"]
[Date "2002.03.10"]
[Round "?"]
[White "Taffijn Aad"]
[Black "Fantoni Franco"]
[Result "1-0"]
[WhiteElo "1688"]
[BlackElo "1651"]
[PlyCount "55"]
[EventDate "2002.??.??"]
[Source "www.chesslib.no"]
[SourceDate "2004.05.04"]

1. c4 e5 2. Nf3 Bb4 3. Nxe5 Nf6 4. Nc3 Nc6 5. Nxc6 bxc6 6. g3 O-O 7. a3 Bxc3 8. dxc3 Re8 9. Be3 d5 10. Bg2 Ba6 11. b3 Re6 12. Ra2 dxc4 13. Rd2 Nd5 14. b4 Bb7 15. O-O a5 16. Bd4 axb4 17. axb4 Qe8 18. e4 Ne7 19. f4 Rd6 20. Qe2 Rdd8 21. Rfd1 Ba6 22. Qg4 Ng6 23. f5 h5 24. Qxh5 Ne5 25. f6 Rxd4 26. fxg7 Kxg7 27. Qg5+ Ng6 28. Rxd4 1-0

[Event "Corr"]
[Site "?"]
[Date "1998.05.16"]
[Round "?"]
[White "Miller Roger"]
[Black "Hestnes Oddi"]
[Result "1-0"]
[WhiteElo "1608"]
[BlackElo "1650"]
[PlyCount "39"]
[EventDate "1998.??.??"]
[Source "www.chesslib.no"]
[SourceDate "2004.05.04"]

1. c4 e5 2. Nf3 Nf6 3. Nxe5 Nc6 4. d4 d5 5. Nc3 dxc4 6. Nxc6 bxc6 7. e4 Bb4 8. Bxc4 Nxe4 9. O-O Bxc3 10. bxc3 O-O 11. Qf3 Nd6 12. Bd3 Bb7 13. Ba3 Qd7 14. Qh5 h6 15. Rfe1 Rfe8 16. c4 Ba6 17. Qc5 Rxe1+ 18. Rxe1 Nb7 19. Qe5 Nd6 20. Rc1 1-0

[Event "Corr"]
[Site "?"]
[Date "2002.07.01"]
[Round "?"]
[White "Gomes Luciano"]
[Black "Cehajic Mustafa"]
[Result "0-1"]
[WhiteElo "1310"]
[BlackElo "1697"]
[PlyCount "48"]
[EventDate "2002.??.??"]
[Source "www.chesslib.no"]
[SourceDate "2004.05.04"]

1. c4 e5 2. Nf3 e4 3. Nd4 Nf6 4. d3 exd3 5. e3 Bc5 6. Bxd3 O-O 7. Nc3 Re8 8. O-O Nc6 9. Nb3 Be7 10. Bd2 Ne5 11. Qc2 b6 12. Be2 Ba6 13. Nb5 c6 14. Qf5 Nxc4 15. Bxc4 d5 16. Nd6 dxc4 17. Nxe8 cxb3 18. Nxf6+ Bxf6 19. Rfd1 Bxb2 20. Qb1 Bxa1 21. Be1 b2 22. Bc3 Qg5 23. Bxb2 Bxb2 24. Qxb2 Rd8 0-1

[Event "Corr"]
[Site "?"]
[Date "2002.10.01"]
[Round "?"]
[White "Bourgoin Claude"]
[Black "Pascutto Gian Carlo"]
[Result "0-1"]
[WhiteElo "1996"]
[BlackElo "986"]
[PlyCount "76"]
[EventDate "2002.??.??"]
[Source "www.chesslib.no"]
[SourceDate "2004.05.04"]

1. c4 e5 2. Nf3 e4 3. Nd4 Nc6 4. Nxc6 dxc6 5. g3 Bc5 6. Bg2 Nf6 7. O-O O-O 8. e3 Qd3 9. Qb3 Qxb3 10. axb3 Bb4 11. Na3 Rd8 12. Nc2 Be7 13. f3 Nd7 14. fxe4 Nc5 15. Nd4 Nd3 16. Bf3 c5 17. Nf5 Bf6 18. e5 Nxe5 19. Be4 Nd3 20. Bxd3 Rxd3 21. Ra3 a5 22. g4 Kf8 23. Ng3 b6 24. Ne4 Be7 25. g5 Bb7 26. Nf2 Rd6 27. h4 h6 28. Nh3 hxg5 29. Nxg5 Bxg5 30. hxg5 Rg6 31. Rf4 Rxg5+ 32. Kf1 Ke7 33. Rh4 Rf5+ 34. Ke1 g5 35. Rh5 Bf3 36. Rh6 Rd8 37. Rh3 g4 38. Rg3 Rh5 0-1

[Event "Belconnen"]
[Site "?"]
[Date "2005.07.22"]
[Round "3.9"]
[White "Dunn Paul"]
[Black "Ramakrishna Gogulapati"]
[Result "1-0"]
[WhiteElo "1218"]
[BlackElo "1658"]
[PlyCount "135"]
[EventDate "2005.??.??"]
[Source "www.chesslib.no"]
[SourceDate "2004.05.04"]

1. c4 e5 2. Nf3 e4 3. Nd4 Bc5 4. Nb3 Bb4 5. a3 Be7 6. d4 b6 7. Nc3 Bb7 8. Qc2 f5 9. Bf4 Nf6 10. h3 d6 11. d5 c5 12. dxc6 Bxc6 13. O-O-O O-O 14. f3 Qc7 15. Nd4 Bd7 16. Ncb5 Bxb5 17. Nxb5 Qc6 18. e3 Ne8 19. Rd5 exf3 20. gxf3 g6 21. Nd4 Qc8 22. Rg1 Kh8 23. Bg5 Nf6 24. Bxf6+ Rxf6 25. h4 Nc6 26. Nxc6 Qxc6 27. Qc3 Rc8 28. h5 Qxd5 29. cxd5 Rxc3+ 30. bxc3 Kg7 31. Bb5 Rf8 32. c4 g5 33. Kd2 Kf6 34. Rf1 Rg8 35. e4 Ke5 36. Kd3 Rf8 37. Re1 f4 38. Rg1 Kf6 39. Bd7 Kg7 40. Kc3 Bf6+ 41. Kb4 Rf7 42. Bg4 Rc7 43. Rc1 Rc5 44. a4 Bd4 45. Rc2 Kf6 46. Rd2 h6 47. Rxd4 Ke5 48. Rd3 Ra5 49. Bd7 Rc5 50. Kc3 Rc7 51. Bg4 Rc5 52. Rd2 Ra5 53. Bd7 Rc5 54. Rb2 Rc7 55. Bg4 Rb7 56. a5 Rb8 57. axb6 axb6 58. Rb5 Rb7 59. Rb3 Rb8 60. Ra3 b5 61. Rb3 Ra8 62. cxb5 Rb8 63. b6 Kf6 64. b7 Ke7 65. Bc8 Kd8 66. Rb6 Rxc8+ 67. bxc8=Q+ Kxc8 68. Rxd6 1-0

[Event "Corr"]
[Site "?"]
[Date "1999.09.25"]
[Round "?"]
[White "Patterson Stephen"]
[Black "Van der Meer Robert"]
[Result "0-1"]
[WhiteElo "1374"]
[BlackElo "1306"]
[PlyCount "43"]
[EventDate "1999.??.??"]
[Source "www.chesslib.no"]
[SourceDate "2004.05.04"]

1. c4 e5 2. Nf3 Nc6 3. e3 e4 4. Ng1 Nf6 5. Nc3 Bb4 6. Nge2 d6 7. a3 Ne5 8. Nf4 Bxc3 9. bxc3 c6 10. Be2 g5 11. Nh3 Bxh3 12. gxh3 Qc8 13. d4 exd3 14. Bxd3 Qxh3 15. Be2 Qg2 16. Rf1 Qxh2 17. Bb2 Ne4 18. Qc2 f5 19. O-O-O O-O-O 20. f4 Ng4 21. Rh1 Qf2 22. Bxg4 0-1

[Event "Corr"]
[Site "?"]
[Date "2004.02.15"]
[Round "?"]
[White "Azzola Orazio"]
[Black "Hay George"]
[Result "0-1"]
[WhiteElo "1254"]
[BlackElo "1242"]
[PlyCount "62"]
[EventDate "2004.??.??"]
[Source "www.chesslib.no"]
[SourceDate "2004.05.04"]

1. c4 e5 2. Nf3 e4 3. Ng1 Nc6 4. Nc3 Nf6 5. d4 Bb4 6. Bg5 O-O 7. Rc1 h6 8. Bh4 d6 9. e3 Qe7 10. a3 Bxc3+ 11. Rxc3 g5 12. Bg3 Kg7 13. Be2 Bf5 14. h4 Rh8 15. Bh2 Qd7 16. Qc2 Ne7 17. Rb3 b6 18. Rc3 gxh4 19. Bf4 Ng6 20. Bh2 c5 21. Qb3 Rad8 22. Bd1 h3 23. gxh3 Bxh3 24. Ne2 Nh4 25. Nf4 Bg4 26. Rg1 Kf8 27. Rh1 cxd4 28. exd4 Bf3 29. Bxf3 Nxf3+ 30. Rxf3 exf3 31. Qxf3 Qf5 0-1